000 00841nam a22002297a 4500
999 _c169548
_d169548
005 20191122154444.0
010 _aB-058992
020 _c470.00
_a8177080148
035 _aB-058992
037 _bNew Century Publications
082 _a332.673
_bMAT
100 _aMathur, Vibha
245 _aTrade liberalisation and foreign investment in India:1991-2001 /
_cby Vibha Mathur
260 _aDelhi
_bNew Century Publications
_c2001
270 _a34, Gujranwala Town, Part-2,
_bDelhi
_e110033
300 _axi,243p. :
_c20cm(Hb)
_bill.
500 _aIncludes bibliographical references and index
650 _aTrade Policies-India.
650 _aForeign Direct Investment in India.
942 _2ddc
_cEN
_h332.673
_mMAT